|
|
|
|
| LEADER |
00000nkmaa2200000 a 4500 |
| 001 |
vtls012017741 |
| 003 |
SK-MaSNL |
| 005 |
20260302024514.0 |
| 007 |
kh bo |
| 008 |
230802e1919 xr | ||00 k|slo |
| 035 |
|
|
|a urn:nbn:sk:snk-km00g301
|
| 035 |
|
|
|a urn:nbn:sk:snk-km45s9n
|
| 035 |
|
|
|a 72D77207-009D-43C0-8E7F-A43218B08FEA
|
| 040 |
|
|
|a SNKLA
|b slo
|c SNKLA
|e AACR2
|
| 041 |
0 |
|
|a slo
|
| 044 |
|
|
|a xr
|c CZ
|
| 245 |
0 |
0 |
|a [Ján Valašťan-Dolinský s priateľmi]
|h grafika
|
| 260 |
|
|
|a [S.l.
|b s.n.]
|c 1919
|
| 300 |
|
|
|a 1 fotografia
|b čb
|c 9 x 13 cm
|
| 520 |
2 |
|
|a Zobrazenie: Ján Valašťan-Dolinský (sprava 1.) s priateľmi v Českom raji, jún 1919.
|
| 600 |
1 |
7 |
|a Valašťan-Dolinský, Ján,
|d 1892-1965
|2 SNKMA
|9 93397
|
| 655 |
|
7 |
|a fotografie
|2 SNKPH
|9 70713
|
| 852 |
7 |
|
|a Slovenská národná knižnica
|b Literárny archív
|
| 958 |
|
|
|a ZO
|
| 958 |
|
|
|a BLA
|
| 999 |
|
|
|c 1040747
|d 1042677
|
| 952 |
|
|
|a SNKLA
|b SNKLA
|c SNKLA_DEP
|y NEVYP
|7 0
|p 17A1311810
|o snkSV 6/21
|i snkLA 2713/1966
|0 0
|1 0
|4 0
|d 2021-03-12
|f 1
|l 0
|r 2026-02-24 14:22:48
|w 2026-02-24
|